<?xml version="1.0" encoding="UTF-8"?>
<record
    xmlns:xsi="http://www.w3.org/2001/XMLSchema-instance"
    xsi:schemaLocation="http://www.loc.gov/MARC21/slim http://www.loc.gov/standards/marcxml/schema/MARC21slim.xsd"
    xmlns="http://www.loc.gov/MARC21/slim">

  <leader>01470nam0a2200373 i 4500</leader>
  <controlfield tag="001">RU\NLR\BIBL_A\010199390</controlfield>
  <controlfield tag="005">20260409080435.0</controlfield>
  <datafield tag="010" ind1=" " ind2=" ">
    <subfield code="a">9785742908043</subfield>
    <subfield code="9">3000</subfield>
  </datafield>
  <datafield tag="021" ind1=" " ind2=" ">
    <subfield code="a">RU</subfield>
    <subfield code="b">2013-108066</subfield>
    <subfield code="9">7490</subfield>
  </datafield>
  <datafield tag="035" ind1=" " ind2=" ">
    <subfield code="a">(NILC)RuMoRGB-006720914</subfield>
  </datafield>
  <datafield tag="035" ind1=" " ind2=" ">
    <subfield code="a">(NLR Aleph) 010199390</subfield>
  </datafield>
  <datafield tag="090" ind1=" " ind2=" ">
    <subfield code="a">10235421</subfield>
    <subfield code="c">10235421</subfield>
  </datafield>
  <datafield tag="100" ind1=" " ind2=" ">
    <subfield code="a">20140303d2013    um y0rusy50      ca</subfield>
  </datafield>
  <datafield tag="101" ind1="0" ind2=" ">
    <subfield code="a">rus</subfield>
  </datafield>
  <datafield tag="102" ind1=" " ind2=" ">
    <subfield code="a">RU</subfield>
  </datafield>
  <datafield tag="105" ind1=" " ind2=" ">
    <subfield code="a">ah||z|||000yy</subfield>
  </datafield>
  <datafield tag="200" ind1="1" ind2=" ">
    <subfield code="a">&#x41E;&#x431;&#x44A;&#x44F;&#x441;&#x43D;&#x435;&#x43D;&#x438;&#x435; &#x441;&#x432;&#x44F;&#x449;&#x435;&#x43D;&#x43D;&#x43E;&#x439; &#x43A;&#x43D;&#x438;&#x433;&#x438; &#x43F;&#x441;&#x430;&#x43B;&#x43C;&#x43E;&#x432;</subfield>
    <subfield code="f">&#x43F;&#x440;&#x43E;&#x442;&#x43E;&#x438;&#x435;&#x440;. &#x413;&#x440;&#x438;&#x433;&#x43E;&#x440;&#x438;&#x439; &#x420;&#x430;&#x437;&#x443;&#x43C;&#x43E;&#x432;&#x441;&#x43A;&#x438;&#x439;</subfield>
  </datafield>
  <datafield tag="210" ind1=" " ind2=" ">
    <subfield code="a">&#x41C;&#x43E;&#x441;&#x43A;&#x432;&#x430;</subfield>
    <subfield code="c">&#x41F;&#x440;&#x430;&#x432;&#x43E;&#x441;&#x43B;&#x430;&#x432;&#x43D;&#x44B;&#x439; &#x421;&#x432;&#x44F;&#x442;&#x43E;-&#x422;&#x438;&#x445;&#x43E;&#x43D;&#x43E;&#x432;&#x441;&#x43A;&#x438;&#x439; &#x433;&#x443;&#x43C;&#x430;&#x43D;&#x438;&#x442;&#x430;&#x440;&#x43D;&#x44B;&#x439; &#x443;&#x43D;&#x438;&#x432;&#x435;&#x440;&#x441;&#x438;&#x442;&#x435;&#x442;</subfield>
    <subfield code="d">2013</subfield>
  </datafield>
  <datafield tag="215" ind1=" " ind2=" ">
    <subfield code="a">990, [1] &#x441;.</subfield>
    <subfield code="c">&#x438;&#x43B;., &#x444;&#x430;&#x43A;&#x441;.</subfield>
    <subfield code="d">24</subfield>
  </datafield>
  <datafield tag="320" ind1=" " ind2=" ">
    <subfield code="a">&#x411;&#x438;&#x431;&#x43B;&#x438;&#x43E;&#x433;&#x440;.: &#x441;. 6 (7 &#x43D;&#x430;&#x437;&#x432;.) &#x438; &#x432; &#x442;&#x435;&#x43A;&#x441;&#x442;&#x435;</subfield>
  </datafield>
  <datafield tag="500" ind1=" " ind2=" ">
    <subfield code="a">&#x411;&#x438;&#x431;&#x43B;&#x438;&#x44F;</subfield>
    <subfield code="i">&#x412;.&#x417;</subfield>
    <subfield code="i">&#x41F;&#x441;&#x430;&#x43B;&#x442;&#x438;&#x440;&#x44C;</subfield>
    <subfield code="3">RU\NLR\AUTH\553037</subfield>
    <subfield code="9">2631012</subfield>
  </datafield>
  <datafield tag="605" ind1=" " ind2=" ">
    <subfield code="a">&#x411;&#x438;&#x431;&#x43B;&#x438;&#x44F;</subfield>
    <subfield code="i">&#x412;. &#x417;.</subfield>
    <subfield code="i">&#x41F;&#x441;&#x430;&#x43B;&#x442;&#x438;&#x440;&#x44C;</subfield>
  </datafield>
  <datafield tag="605" ind1=" " ind2=" ">
    <subfield code="a">&#x411;&#x438;&#x431;&#x43B;&#x438;&#x44F;</subfield>
    <subfield code="i">&#x412;&#x435;&#x442;&#x445;&#x438;&#x439; &#x417;&#x430;&#x432;&#x435;&#x442;</subfield>
    <subfield code="i">&#x41F;&#x441;&#x430;&#x43B;&#x442;&#x44B;&#x440;&#x44C;</subfield>
    <subfield code="x">&#x422;&#x43E;&#x43B;&#x43A;&#x43E;&#x432;&#x430;&#x43D;&#x438;&#x435;</subfield>
    <subfield code="9">2191472</subfield>
    <subfield code="3">RU\NLR\AUTH\661317340</subfield>
  </datafield>
  <datafield tag="675" ind1=" " ind2=" ">
    <subfield code="a">271.22-535.8</subfield>
  </datafield>
  <datafield tag="686" ind1="1" ind2=" ">
    <subfield code="a">&#x42D;37-210.913</subfield>
  </datafield>
  <datafield tag="700" ind1=" " ind2="1">
    <subfield code="a">&#x420;&#x430;&#x437;&#x443;&#x43C;&#x43E;&#x432;&#x441;&#x43A;&#x438;&#x439;</subfield>
    <subfield code="b">&#x413;.</subfield>
    <subfield code="g">&#x413;&#x440;&#x438;&#x433;&#x43E;&#x440;&#x438;&#x439;</subfield>
  </datafield>
  <datafield tag="801" ind1=" " ind2="0">
    <subfield code="a">RU</subfield>
    <subfield code="b">RuMoRKP</subfield>
    <subfield code="c">20100823</subfield>
    <subfield code="g">RCR</subfield>
  </datafield>
  <datafield tag="801" ind1=" " ind2="2">
    <subfield code="a">RU</subfield>
    <subfield code="b">&#x420;&#x413;&#x411;</subfield>
    <subfield code="c">20140114</subfield>
    <subfield code="g">rcr</subfield>
  </datafield>
  <datafield tag="801" ind1=" " ind2="1">
    <subfield code="a">RU</subfield>
    <subfield code="b">RuMoRKP</subfield>
    <subfield code="c">20100823</subfield>
    <subfield code="2">rusmarc</subfield>
  </datafield>
  <datafield tag="942" ind1=" " ind2=" ">
    <subfield code="c">BOOK</subfield>
  </datafield>
  <datafield tag="980" ind1=" " ind2=" ">
    <subfield code="a">NBR</subfield>
  </datafield>
</record>
